000 01417nam a22002897a 4500
005 20240530110916.0
008 220509s199؟ le g 001 0 ara d
040 _aEG-CaGPL
_cEG-CaGPL
082 0 4 _221
_a291.3295301/
_bت ك
100 0 _aتوفيق فهد
245 1 2 _aالكهانة العربية قبل الاسلام :
_bالكاهن، الكاهنة، النبى، الشاعر، الحازى، الساحر، الرائى، العراف، الرب، ذو اله، الحمس/
_cتوفيق فهد ؛ ترجمة حسن عودة، رندة بعث ؛ مراجعة توفيق فهد، زياد منى ؛ تقديم الترجمة العربية رضوان السيد
260 _aبيروت :
_bقدمس للنشر والتوزيع،
_c[199-].
300 _a597 ص. ؛
_c24 سم.
650 0 7 _2qrmak
_aالكهانة
_xديانات مقارنة
653 0 _aالكاهن - ديانات مقارنة
653 0 _aالنبى - ديانات مقارنة
653 0 _aالعراف - ديانات مقارنة
653 0 _aالرب - ديانات مقارنة
653 0 _aالحمس - ديانات مقارنة
700 0 _aحسن عودة
_eمترجم
700 0 _aرندة بعث
_eمترجم
700 0 _aتوفيق فهد
_eمراجع
700 0 _aزياد منى
_eمراجع
700 0 _aرضوان السيد
_eمقدم
942 _2ddc
_cBK
999 _c66387
_d66387